LEADER 01276nam0-22003851i-450- 001 990005537010203316 005 20050719120000.0 035 $a000553701 035 $aUSA01000553701 035 $a(ALEPH)000553701USA01 035 $a000553701 100 $a20050719d1970-------|0itac50------ba 101 $aita 102 $aIT 105 $a|||| ||||| 200 1 $a<<2: >> Lavorazione a freddo dei metalli, fucinatura e saldatura$fMario Sarti, Athos Evangelisti - Bologna : Edizioni Agricole, 1966 - III, 86 p. : ill.$g20 cm. 225 2$aUniversale Edagricole$v40 410 1$12001$aUniversale Edagricole$v40 606 $aOfficine meccaniche rurali$2FI 620 $dBologna 676 $a631.309$cAttrezzi agricoli - Antichità - Studi$v21 700 1$aSARTI,$bMario$0353889 701 1$aEVANGELISTI,$bAthos$071375 712 $aEdagricole 801 $aIT$bSOL$c20120104 912 $a990005537010203316 950 $aDIP.TO SCIENZE ECONOMICHE - (SA)$dDS 600 631.3 SAR$e1151 DISES 951 $a600 631.3 SAR$b1151 DISES 959 $aBK 969 $aDISES 979 $c20121027$lUSA01$h1533 979 $c20121027$lUSA01$h1613 996 $aLavorazione a freddo dei metalli, fucinatura e saldatura$91130763 997 $aUNISA NUM $aUSA15879 LEADER 01425nam 2200349 n 450 001 996391546503316 005 20221108062024.0 035 $a(CKB)1000000000660973 035 $a(EEBO)2240906725 035 $a(UnM)99852976 035 $a(EXLCZ)991000000000660973 100 $a19920526d1638 uy | 101 0 $aeng 135 $aurbn||||a|bb| 200 14$aThe answeres of some brethren of the minitserie, [sic] to the replyes of the ministers and professours of divinitie in Aberdene$b[electronic resource] $econcerning the late covenant 210 $aPrinted in Aberdene [i.e. Edinburgh] $cBy Edward Raban [i.e. G. Anderson]$d1638 215 $a[8], 36 p 300 $aThe "Answers" signed by Alexander Henderson and David Dickson. 300 $aActual place of publication and printer's name from STC. 300 $aReproduction of the original in the Folger Shakespeare Library. 330 $aeebo-0055 607 $aAberdeen (Scotland)$xChurch history$y17th century$vEarly works to 1800 701 $aHenderson$b Alexander$f1583?-1646.$01003757 701 $aDickson$b David$f1583?-1663.$01001956 801 0$bCu-RivES 801 1$bCu-RivES 801 2$bCStRLIN 801 2$bWaOLN 906 $aBOOK 912 $a996391546503316 996 $aThe answeres of some brethren of the minitserie, to the replyes of the ministers and professours of divinitie in Aberdene$92401098 997 $aUNISA LEADER 01639nam 22005895u 450 001 9910157630003321 005 20211006144815.0 010 $a9783318037470 010 $a3318037478 035 $a(CKB)3780000000101250 035 $a(OCoLC)1046113287 035 $a(SZ-BaSKA)221926 035 $a(MiAaPQ)EBC31864842 035 $a(Au-PeEL)EBL31864842 035 $a(EXLCZ)993780000000101250 100 $a20211006d1990 uy 0 101 0 $aeng 135 $aurunu||||| 181 $ctxt$2rdacontent 182 $cc$2rdamedia 183 $acr$2rdacarrier 200 10$aCentenarians in Hungary : $eA Sociomedical and Demographic Study / $f editor, E. Beregi 205 $a1st ed. 210 $aBasel : $cS. Karger, $d1990 215 $a1 online resource (VIII + 164 pages) : $c 59 figures, 38 tables 225 1 $aIssn Series 311 08$a9783805552042 311 08$a3805552041 410 0$aIssn Series 606 $aGerontology / Geriatrics 606 $aGeneral Medicine 606 $aAnthropology 606 $aBiology for Physicians 606 $aDocumentation 606 $aSocial Medicine 606 $aSociology 615 14$aGerontology / Geriatrics 615 14$aGeneral Medicine 615 24$aAnthropology 615 24$aBiology for Physicians 615 24$aDocumentation 615 24$aSocial Medicine 615 24$aSociology 676 $a305.26/09439 700 $aBeregi$b E 701 $aBeregi$b Edit$01232649 801 0$bUKSKG 801 1$bUKSKG 906 $aBOOK 912 $a9910157630003321 996 $aCentenarians in Hungary$92862041 997 $aUNINA